Test de rapidité-Les nombres de 1 à 100 - Statistiques

Statistiques générales
  • Ce quiz a été pris 4 196 fois
  • Le résultat moyen est 39 sur 100
Statistiques - réponses
Nombres % Correct
1
100%
2
97%
3
95%
4
93%
5
93%
6
93%
7
92%
8
92%
9
92%
10
84%
12
84%
11
83%
13
81%
14
80%
15
79%
16
79%
17
78%
18
77%
19
77%
21
75%
20
74%
22
72%
23
71%
24
69%
25
69%
26
69%
27
68%
28
68%
29
67%
31
65%
32
64%
30
63%
34
60%
33
58%
35
58%
36
57%
37
56%
38
54%
39
53%
41
53%
40
51%
42
50%
43
48%
45
43%
44
42%
46
40%
47
39%
48
38%
49
35%
51
34%
50
32%
52
31%
53
28%
54
28%
55
26%
56
26%
57
21%
58
20%
59
19%
61
18%
60
17%
62
16%
63
15%
64
14%
65
14%
66
12%
67
12%
71
10%
68
9%
69
9%
70
8%
72
8%
74
8%
73
7%
75
6%
76
6%
77
6%
78
6%
81
6%
80
5%
82
5%
92
5%
79
4%
83
4%
84
4%
91
4%
93
4%
98
4%
99
4%
85
3%
87
3%
88
3%
89
3%
90
3%
94
3%
100
2%
86
2%
95
2%
96
2%
97
2%
Aucun quiz correspondant
Distribution des résultats
% des personnes avec chaque résultat
Percentile par nombre de réponses
Votre historique - résultats
Vous n’avez pas pris ce quiz